Biochemistry Behind the Symptoms (Record no. 9633)

MARC details
000 -LEADER
fixed length control field 00551nam a22001937a 4500
003 - CONTROL NUMBER IDENTIFIER
control field OSt
005 - DATE AND TIME OF LATEST TRANSACTION
control field 20260417105453.0
008 - FIXED-LENGTH DATA ELEMENTS--GENERAL INFORMATION
fixed length control field 260417b |||||||| |||| 00| 0 eng d
020 ## - INTERNATIONAL STANDARD BOOK NUMBER
International Standard Book Number 9781975191474
040 ## - CATALOGING SOURCE
Transcribing agency NLM
082 ## - DEWEY DECIMAL CLASSIFICATION NUMBER
Classification number QU18 A16b 2024
100 ## - MAIN ENTRY--PERSONAL NAME
Personal name Abali, Emine E.; Carman, Roy; Spicer, Douglas B.
9 (RLIN) 19584
245 ## - TITLE STATEMENT
Title Biochemistry Behind the Symptoms
260 ## - PUBLICATION, DISTRIBUTION, ETC. (IMPRINT)
Place of publication, distribution, etc. Philadelphia; Wolters kluwer, 2024
300 ## - PHYSICAL DESCRIPTION
Extent xi,435p.;Col.ill: 25.5cm
504 ## - BIBLIOGRAPHY, ETC. NOTE
Bibliography, etc Appendices, & Index included
650 ## - SUBJECT ADDED ENTRY--TOPICAL TERM
Topical term or geographic name as entry element Biochemistry
9 (RLIN) 443
942 ## - ADDED ENTRY ELEMENTS (KOHA)
Source of classification or shelving scheme Other/Generic Classification Scheme
Koha item type Open Shelf
Holdings
Withdrawn status Lost status Source of classification or shelving scheme Damaged status Not for loan Home library Current library Date acquired Source of acquisition Inventory number Total Checkouts Full call number Barcode Date last seen Koha item type Public note
    Other/Generic Classification Scheme     MUST Main Library MUST Main Library 17/04/2026 Purchase 26/42614   QU18 A16b 2024 2026-0129 17/04/2026 Open Shelf  
    Other/Generic Classification Scheme     MUST Main Library MUST Main Library 17/04/2026 Purchase 26/42615   QU18 A16b 2024 2026-0130 17/04/2026 Open Shelf  
    Other/Generic Classification Scheme     MUST Main Library MUST Main Library 17/04/2026 Purchase 26/42616   QU18 A16b 2024 2026-0131 17/04/2026 Open Shelf Lib. Use Only